Los hombres de la revolución francesa
Đã lưu trong:
| Tác giả chính: | |
|---|---|
| Định dạng: | Sách |
| Ngôn ngữ: | Tiếng Tây Ban Nha |
| Được phát hành: |
Buenos Aires
B
2004
|
| Loạt: | Revolución Francesa
|
| Những chủ đề: | |
| Các nhãn: |
Thêm thẻ
Không có thẻ, Là người đầu tiên thẻ bản ghi này!
|
MARC
| LEADER | 00000nam a2200000 a 4500 | ||
|---|---|---|---|
| 001 | UCL8546 | ||
| 003 | CL-VaPUC | ||
| 008 | 040625e20040000AG |||||||||||||||||spa|d | ||
| 020 | |a 9501523381 | ||
| 082 | 0 | 4 | |a 944.04 |b MAD |2 21 |
| 100 | |a Madelin, Louis |e autor |9 486438 | ||
| 245 | 1 | 4 | |a Los hombres de la revolución francesa |
| 300 | |a 333 p | ||
| 942 | |c BK | ||
| 945 | |d 20040625 00:00:00 |a cmena | ||
| 260 | |a Buenos Aires |b B |c 2004 | ||
| 650 | 0 | |a Historia de Europa |9 392003 | |
| 650 | 7 | |a REVOLUCION 1789-1799 |2 CL-VaPUC |9 435459 | |
| 650 | 0 | |a Hombres |9 318163 | |
| 651 | 0 | |a Francia |9 255157 | |
| 583 | |a last modification |c 20040625 00:00:00 |k Rodrigo Vera | ||
| 490 | 0 | |a Revolución Francesa | |
| 999 | |c 309780 |d 309778 | ||
| 952 | |0 0 |1 0 |4 0 |6 944_040000000000000_MAD_2004 |7 0 |8 A |9 377529 |a BIBTEO |b BIBTEO |d 2019-11-21 |i 4030257 |o 944.04 MAD 2004 |p 4030257 |r 2025-01-17 |w 2019-11-21 |y BK |k ICR | ||